00504 2200181 4500001002100000005001500021035002000036007000300056008004100059020002200100082001400122084002000136100001800156245006600174260003100240300003500271700001600306INLIS00000000000034420260121090556 a0010-0126000037ta260121 0 ind  a978-623-522-013-0 a657.028.5 a657.028.5 SUC k0 aSuciono, bimo1 aKomputer Akuntansi pada Perusahaan Manufaktur dengan MYOB XII aJakarta :bErlangga,c2024 aix + 238 hlm. ;c17,5 x 25 cm.0 aZatra, beni